Kluby Abruzji, Marchii i Trydentu-Górnej Adygi - nagła śmierć - Statystyki

Ogólne statystyki
  • Ten quiz został rozwiązany 5 razy
  • Średni wynik to 4 z 6
Answers on the Grid
Answers color-coded by a green-red scale on the quiz's grid according to % correct below.
Pineto Calcio
AC Trento 1921
Taranto FC 1927
FC Südtirol
WSG Tirol
AC Bellinzona
Delfino Pescara 1936
AC Perugia Calcio
Vis Pesaro 1898
Teramo Calcio
Ascoli Calcio 1898 FC
AZ Picerno
 
Statystyki odpowiedzi
Odpowiedź % Poprawnych
AC Trento 1921
100%
FC Südtirol
100%
Ascoli Calcio 1898 FC
50%
Delfino Pescara 1936
50%
Vis Pesaro 1898
50%
Pineto Calcio
0%
Nie znaleziono quizów pasujących do podanych kryteriów
Rozkład punktacji
Procent ludzi z każdym wynikiem
Percentyl według liczby udzielonych odpowiedzi
Twoja historia wyników
Nie rozwiązałeś tego quizu